The noble scholar, jurist, historian


 His Excellency Dr. Abdul Wahhab bin Ibrahim Abu Sulaiman, may Allah have mercy on him.


 He was born in Umm Al-Qura in the year 1356 AH.

كتاب الوقف / (Record no. 3545)

MARC details
000 -LEADER
fixed length control field 01050cam a2200277 i 4500
003 - CONTROL NUMBER IDENTIFIER
control field SA_RiAUC
005 - DATE AND TIME OF LATEST TRANSACTION
control field 20241216060634.0
008 - FIXED-LENGTH DATA ELEMENTS--GENERAL INFORMATION
fixed length control field 241216s2009 su g 000 0 ara c
040 ## - CATALOGING SOURCE
Original cataloging agency SA-MaHRM
Language of cataloging ara
Transcribing agency SA-RiAUC
Description conventions rda
082 04 - DEWEY DECIMAL CLASSIFICATION NUMBER
Classification number 253.902
090 ## - LOCALLY ASSIGNED LC-TYPE CALL NUMBER (OCLC); LOCAL CALL NUMBER (RLIN)
Classification number (OCLC) (R) ; Classification number, CALL (RLIN) (NR) 253.902
Local cutter number (OCLC) ; Book number/undivided call number, CALL (RLIN) ع ش و
100 1# - MAIN ENTRY--PERSONAL NAME
Personal name عشوب، عبد الجليل عبد الرحمن
Relator term مؤلف.
245 10 - TITLE STATEMENT
Title كتاب الوقف /
Statement of responsibility, etc. عبد الجليل عبد الرحمن عشوب ؛ تقديم عبد الله نذير أحمد مزي.
246 30 - VARYING FORM OF TITLE
Title proper/short title الوقف
250 ## - EDITION STATEMENT
Edition statement الطبعة الأولى.
264 #1 - PRODUCTION, PUBLICATION, DISTRIBUTION, MANUFACTURE, AND COPYRIGHT NOTICE
Place of production, publication, distribution, manufacture مكة المكرمة :
Name of producer, publisher, distributor, manufacturer المكتبة المكية،
Date of production, publication, distribution, manufacture, or copyright notice 2009
300 ## - PHYSICAL DESCRIPTION
Extent 488 صفحة ؛
Dimensions 24 سم
336 ## - CONTENT TYPE
Content type term نص
Content type code txt
Source rdacontent
Materials specified كتاب
337 ## - MEDIA TYPE
Media type term بدون وسيط
Media type code n
Source rdamedia
338 ## - CARRIER TYPE
Carrier type term مجلد
Carrier type code nc
Source rdacarrier
650 #7 - SUBJECT ADDED ENTRY--TOPICAL TERM
Topical term or geographic name entry element الوقف
Source of heading or term aucsh
650 #7 - SUBJECT ADDED ENTRY--TOPICAL TERM
Topical term or geographic name entry element المعاملات (فقه إسلامي)
Source of heading or term aucsh
700 1# - ADDED ENTRY--PERSONAL NAME
Personal name مزي، عبد الله نذير أحمد
Relator term مقدم.
942 ## - ADDED ENTRY ELEMENTS (KOHA)
Source of classification or shelving scheme Dewey Decimal Classification
Koha item type Books
949 ## - LOCAL PROCESSING INFORMATION (OCLC)
a SA-JeALM
d 241216
u khaled123
n 1
Holdings
Withdrawn status Lost status Source of classification or shelving scheme Damaged status Not for loan Home library Current library Date acquired Total checkouts Full call number Barcode Date last seen Price effective from Koha item type
    Dewey Decimal Classification     DR AbdElwahab Library DR AbdElwahab Library 12/16/2024   253.902 ع ش و 000005504 12/16/2024 12/16/2024 Books
    Dewey Decimal Classification     DR AbdElwahab Library DR AbdElwahab Library 12/16/2024   253.902 ع ش و 000005505 12/16/2024 12/16/2024 Books
    Dewey Decimal Classification     DR AbdElwahab Library DR AbdElwahab Library 06/16/2025   253.902 ع ش و 000014600 06/16/2025 06/16/2025 Books